LEADER 03757nam 22006135 450 001 9910480541803321 005 20210716011613.0 010 $a0-8147-2825-1 024 7 $a10.18574/9780814728253 035 $a(CKB)2550000000040879 035 $a(EBL)865441 035 $a(OCoLC)744333831 035 $a(SSID)ssj0000521786 035 $a(PQKBManifestationID)11366812 035 $a(PQKBTitleCode)TC0000521786 035 $a(PQKBWorkID)10522564 035 $a(PQKB)10199962 035 $a(MiAaPQ)EBC865441 035 $a(MdBmJHUP)muse4784 035 $a(DE-B1597)550506 035 $a(DE-B1597)9780814728253 035 $a(OCoLC)913695216 035 $a(EXLCZ)992550000000040879 100 $a20200723h20112011 fg 0 101 0 $aeng 135 $aurnn#---|un|u 181 $ctxt 182 $cc 183 $acr 200 10$aCreole Religions of the Caribbean $eAn Introduction from Vodou and Santeria to Obeah and Espiritismo /$fLizabeth Paravisini-Gebert, Margarite Fernandez Olmos 205 $a2nd ed. 210 1$aNew York, NY :$cNew York University Press,$d[2011] 210 4$d©2011 215 $a1 online resource (324 p.) 225 0 $aReligion, Race, and Ethnicity ;$v3 300 $aDescription based upon print version of record. 311 0 $a0-8147-6227-1 320 $aIncludes bibliographical references and index. 327 $tFront matter --$tContents --$tAcknowledgments --$tPreface to the First Edition --$tPreface to the Second Edition --$tForeword --$tIntroduction --$t1. Historical Background --$t2. The Orisha Tradition in Cuba --$t3. The Afro-Cuban Religious Traditions of Regla de Palo and the Abakuá Secret Society --$t4. Haitian Vodou --$t5. Obeah, Myal, and Quimbois --$t6. Rastafarianism --$t7. Espiritismo --$tGlossary --$tNotes --$tWorks Cited --$tIndex --$tAbout the Authors 330 $aCreolization?the coming together of diverse beliefs and practices to form new beliefs and practices?is one of the most significant phenomena in Caribbean religious history. Brought together in the crucible of the sugar plantation, Caribbean peoples drew on the variants of Christianity brought by European colonizers, as well as on African religious and healing traditions and the remnants of Amerindian practices, to fashion new systems of belief. Creole Religions of the Caribbean offers a comprehensive introduction to the syncretic religions that have developed in the region. From Vodou, Santería, Regla de Palo, the Abakuá Secret Society, and Obeah to Quimbois and Espiritismo, the volume traces the historical?cultural origins of the major Creole religions, as well as the newer traditions such as Pocomania and Rastafarianism. This second edition updates the scholarship on the religions themselves and also expands the regional considerations of the Diaspora to the U. S. Latino community who are influenced by Creole spiritual practices. Fernández Olmos and Paravisini?Gebert also take into account the increased significance of material culture?art, music, literature?and healing practices influenced by Creole religions. In the Religion, Race, and Ethnicity series 410 0$aReligion, race, and ethnicity. 606 $aAfro-Caribbean cults 608 $aElectronic books. 615 0$aAfro-Caribbean cults. 676 $a299.6/897294 700 $aParavisini-Gebert$b Lizabeth$4aut$4http://id.loc.gov/vocabulary/relators/aut$0694119 701 $aMurphy$b Joseph M$01042153 702 $aOlmos$b Margarite Fernandez$4aut$4http://id.loc.gov/vocabulary/relators/aut 801 0$bDE-B1597 801 1$bDE-B1597 906 $aBOOK 912 $a9910480541803321 996 $aCreole Religions of the Caribbean$92466154 997 $aUNINA LEADER 02108nam 2200553I 450 001 9910704471503321 005 20130705105437.0 035 $a(CKB)5470000002440978 035 $a(OCoLC)851766070 035 $a(EXLCZ)995470000002440978 100 $a20130705d2012 ua 0 101 0 $aeng 135 $aurmn||||||||| 181 $ctxt$2rdacontent 182 $cc$2rdamedia 183 $acr$2rdacarrier 200 10$aDroplet deformation prediction with the Droplet Deformation and Breakup Model (DDB) /$fMario Vargas 210 1$aCleveland, Ohio :$cNational Aeronautics and Space Administration, Glenn Research Center,$d2012. 215 $a1 online resource (17 pages) $cillustrations (some color) 225 1 $aNASA/TM ;$v2012-217705 300 $aTitle from title screen (viewed on July 5, 2013). 300 $a"September 2012." 300 $a"Prepared for the Atmospheric Space Environments Conference sponsored by the American Institute of Aeronautics and Astronautics, New Orleans, Louisiana, June 25-28, 2012." 300 $a"AIAA-2012-3131." 320 $aIncludes bibliographical references (page 10). 517 $aDroplet deformation prediction with the Droplet Deformation and Breakup Model 606 $aDrops (liquids)$2nasat 606 $aLeading edges$2nasat 606 $aDrop size$2nasat 606 $aIce formation$2nasat 606 $aDeformation$2nasat 606 $aRunge-Kutta method$2nasat 606 $aAirfoils$2nasat 615 7$aDrops (liquids) 615 7$aLeading edges. 615 7$aDrop size. 615 7$aIce formation. 615 7$aDeformation. 615 7$aRunge-Kutta method. 615 7$aAirfoils. 700 $aVargas$b Mario$c(Aerospace researcher),$01391770 712 02$aNASA Glenn Research Center, 712 12$aAIAA Atmospheric and Space Environments Conference$f(2012 :$eNew Orleans, La.), 801 0$bGPO 801 1$bGPO 906 $aBOOK 912 $a9910704471503321 996 $aDroplet deformation prediction with the Droplet Deformation and Breakup Model (DDB)$93535102 997 $aUNINA